00749nas a2200229Ia 4500001001300000003001000013008004100023040002500064041001300089100001800102210001200120222001200132245007000144250001100214260000900225501012300234300001400357362003500371500006500406650003700471700001100508dg105-44906 IT-MiCISF161014c99999999xx |||||||||||| ||und|| aIT-MiCISFcIT-MiCISF aITALIANO aRocchi Sandra aMo.V.I. aMo.V.I. 0aUn percorso normativo della relazione "figli-genitori" in carcere a1a ed. c2006 bCISF - Centro Internazionale Studi Famiglia - Via Giotto, 36 20145 MILANO (non commercial uses only)cCopyright 2016 app. 17-19 a n. 4-5, luglio-ottobre [2006] a Tema: carcere, famiglia, rapporti-madre-figli, legislazione aemarginazione devianzavarticolo aAA.VV.